The principles of linguistic philosophy

Guardat en:
Dades bibliogràfiques
Autor principal: Waismann, F (Autor)
Format: Llibre
Idioma:anglès
Publicat: Londres Macmillan 1965
Matèries:
Etiquetes: Afegir etiqueta
Sense etiquetes, Sigues el primer a etiquetar aquest registre!

MARC

LEADER 00000nam a2200000 a 4500
001 UCZ5780
003 CL-VaPUC
008 951124e19650000UK |||||||||||||||||eng|d
082 0 4 |a 401  |b WAI  |2 21 
100 0 |a Waismann, F  |e author  |9 349962 
245 1 4 |a The principles of linguistic philosophy 
300 |a 422 p 
942 |c BK 
945 |d 19951124 00:00:00  |a lriquelm 
260 |a Londres  |b Macmillan  |c 1965 
650 0 |a Lingüística  |9 265068 
650 0 |a Filosofía   |9 223554 
650 7 |a TEORIA LINGUISTICA  |2 CL-VaPUC  |9 334835 
650 0 |a Lógica  |9 256849 
650 0 |a Teoría del conocimiento   |9 255038 
650 0 |a Metafísica  |9 265649 
650 0 |a Gramática  |9 270497 
583 |a last modification  |c 19951124 00:00:00  |k Rodrigo Vera 
999 |c 242069  |d 242067 
952 |0 0  |1 0  |4 0  |6 401_000000000000000_WAI_1965  |7 0  |8 P  |9 254778  |a BIBEDU  |b BIBEDU  |c BIBEDU_PB  |d 2019-11-19  |i 1577123  |o 401 WAI 1965  |p 1577123  |r 2024-01-25  |w 2019-11-19  |y BK  |k FIL 
952 |0 0  |1 0  |4 0  |6 401_000000000000000_WAI_1965  |7 0  |8 A  |9 254779  |a FDOPOS  |b FDOPOS  |d 2019-11-19  |i 4316568  |o 401 WAI 1965  |p 4316568  |r 2025-01-22  |w 2019-11-19  |y BK  |k MLA